| 000 | 01028nam a22002774aa4500 | ||
|---|---|---|---|
| 003 | BOFEUTO | ||
| 005 | 20260512171902.0 | ||
| 008 | 260504t2025 bo gr 000 f spa d | ||
| 040 |
_6BOFEUTO _aBOFEUTO _cBOFEUTO |
||
| 041 | _aspa | ||
| 044 | _abo | ||
| 082 |
_aTE6308 _bP371g |
||
| 100 |
_aPedraza, Cristhian Alvaro _eautor |
||
| 245 |
_aGestión de branding para posicionar a la Cooperativa de Ahorro y Crédito Abierta Paulo VI R. L. / _c Cristhian Alvaro Pedraza, Verónica Sandy Tapia |
||
| 260 |
_aOruro : _bs/n, _c2025. |
||
| 300 |
_a97 hojas ; _btab, gráf. ; _c28.5 cm. |
||
| 500 | _aIncluye bibliografía, anexos. | ||
| 502 | _aTesis Dirigida, (Licenciatura) -- Universidad Técnica de Oruro, Facultad de Ciencias Económicas, Financieras y Administrativas, Carrera Administración de Empresas, 2025. | ||
| 650 | _aAdministración | ||
| 653 | _aGestión de Branding | ||
| 653 | _aCondumidor | ||
| 653 | _aProductos | ||
| 653 | _aUsuarios | ||
| 700 |
_aSandy Tapia, Verónica _etutor |
||
| 942 |
_2ddc _cTE _n0 |
||
| 999 |
_c16163 _d16163 |
||